|
|
|
|
| LEADER |
00000nab a2200000 a 4500 |
| 001 |
vtls000380455 |
| 003 |
SK-MaSNL |
| 005 |
20260311224738.0 |
| 008 |
160115c1990 xo 0 slo |
| 015 |
|
|
|a SNBRB19rr/mm-uuuuu
|
| 035 |
|
|
|a CL0380577
|
| 040 |
|
|
|a SNKBUCL
|b slo
|c SNKBUCL
|e AACR2
|
| 041 |
0 |
|
|a slo
|
| 044 |
|
|
|a xo
|c SK
|
| 080 |
|
|
|a 323(437)
|2 1981
|
| 080 |
|
|
|a 323.233(437)
|2 1981
|
| 100 |
1 |
|
|a Krivda, Richard,
|d 1951-
|4 aut
|
| 245 |
1 |
0 |
|a Za kamerou nežnej revolúcie
|b Richard Krivda spomína na dni, kedy išlo o všetko
|c Richard Krivda, Viliam Apfel
|
| 300 |
|
|
|b Obr. 4.
|
| 650 |
0 |
7 |
|a vnútorná politika
|2 snkbucl
|9 970
|
| 651 |
|
7 |
|a Československo
|2 snkbucl
|9 21376
|
| 655 |
|
7 |
|a články z novín a časopisov
|2 snkbucl
|9 267496
|
| 700 |
1 |
|
|a Apfel, Viliam,
|d 1940-2024
|4 aut
|9 93648
|
| 773 |
0 |
|
|t Národná obroda
|g Roč. 1, č. 12 (28. 5. 1990), s. 9
|
| 850 |
|
|
|a Slovenská národná knižnica v Martine
|a MTA001
|
| 852 |
|
|
|a SNK
|b KIS3GCP
|
| 958 |
|
|
|a RK
|
| 992 |
|
|
|a RBX
|
| 999 |
|
|
|c 3261753
|d 3263683
|